Statistics for Easy JetPunk Quiz

Click here to take the quiz!

General Stats

  • This quiz has been taken 256 times
  • The average score is 12 of 15

Answer Stats

QuestionAnswer% Correct
1+1+13
95%
First letter of the alphabet?A
94%
On which planet do you live?Earth
94%
Which year is it now?2017
93%
What is the name of this website?JetPunk
93%
How many questions are there?15
91%
Does this quiz makes so much fun?Yes
90%
Mexico City is the capital of which country?Mexico
87%
In which state is New York?New York
83%
What is the first name of Elvis?Elvis
78%
What is the name oft he smallest country?Sealand
72%
Who helped him?Gossguy
71%
Whats the answer to this question?Russia!
65%
Who is the new POTUS?Trump
56%
Who is the creator of this quiz?Gassu69
37%

Score Distribution

Percentile by Number Answered

Percent of People with Each Score

Your Score History

You have not taken this quiz